=LDR 00000nam 2200000 4500 =001 INLIS000000000042885 =005 20131008015711 =008 ***********************************Ind** =035 ##$$0010-101300000000807 =041 ##$$a Ind =082 ##$$a 346.02 =090 ##$$a 346.02, Suj h.2 =100 ##$$a Soejono. S.H, Wiwoho, S.H =245 ##$$a Hukum Perjanjian Kerja, Wiwoho Soejono, S.H =260 ##$$a 1991 $b Jakarta =300 ##$$a 88 hlm, 21.5 cm =850 ##$$a NBPNMAT